| 000 | 00455nam a22001937a 4500 | ||
|---|---|---|---|
| 003 | OSt | ||
| 005 | 20140310182832.0 | ||
| 008 | 130604t xxu||||| |||| 00| 0 eng d | ||
| 050 |
_aPE 1449 _b.N532 1993 |
||
| 082 |
_aM 428.1 _bN24 1993 |
||
| 245 | _aThe new verbal advantage / | ||
| 260 | _c1933 | ||
| 300 |
_a43 p. : _c27 cm. |
||
| 521 | _acollege students | ||
| 526 | _c1210L-1700L | ||
| 541 | _j1 | ||
| 562 | _e1 | ||
| 942 |
_2lcc _cBK _kM |
||
| 999 |
_c16662 _d16662 |
||